LEADER 01649nam a2200301 i 4500 001 000000118281 003 CaOOAMICUS 005 20091124160543.0 008 091124t2006 it m 000 0 ita c 020 $a88-7367-054-7 040 $aPUL$bita$dReb 111 2 $aSettimana Liturgica Nazionale$n(57 :$d2006 :$cVarese).$0(OLS)http://pul/name/73851 245 10$aCelebriamo Gesł Cristo speranza del mondo :$bIV Convegno Ecclesiale di Verona. 57a Settimana Liturgica Nazionale. Varese, 21-25 agosto 2006 /$cAlzati C. [et al.] ; a cura del Centro di Azione Liturgica. 260 $aRoma :$bC.L.V. Edizioni liturgiche,$c©2006. 300 $a248 p. ;$c24 cm 490 1 $aBibliotheca "Ephemerides liturgicae".$aSectio pastoralis ;$v27 504 $aBibliografia in nota. 600 04$aIesus Christus$xLiturgia.$0(OLS)http://pul/subject/35889 650 4$aLiturgia.$0(OLS)http://pul/subject/2437 700 1 $aAlzati, Cesare.$0(OLS)http://pul/name/26529 710 2 $aCentro di azione liturgica.$0(OLS)http://pul/name/19924 830 0$aBibliotheca "Ephemerides liturgicae".$pSectio pastoralis ;$v27.$0(OLS)http://pul/title/148777 850 $aPUL 852 $aPUL$W1$xSL Religione 3$y85$m248. 3 CLV 1.57$j135701$qDDC 21$B134691$CPULBib$Z2$F134691 $H109164 $82 941 1 $a9 996 $6020$a88-7367-054-7$9(OLS)http://pul/number/142501 996 $6245$aCelebriamo Gesł Cristo speranza del mondo :$bIV Convegno Ecclesiale di Verona. 57a Settimana Liturgica Nazionale. Varese, 21-25 agosto 2006 $9(OLS)http://pul/title/148853 996 $6260$aRoma :$bC.L.V. Edizioni liturgiche$9(OLS)http://pul/publisher/51216 LEADER 01016nam a2200229 a 4500 001 000000052479 003 CaOOAMICUS 005 20130509103652.0 008 001018s1995 it u000 u ita r 035 $a10858560 040 $aPUL$bita 100 1 $aBucci, Onorato.$0(OLS)http://pul/name/29630 245 12$aL'attivitą giudiziaria della Chiesa fra veritą e caritą /$cOnorato Bucci. 260 $aRoma :$bPontificiae Universitatis Lateranensis Institutum Utriusque Iuris,$c1995. 300 $aP. 791-798 ;$c24 cm 500 $aEstr. da: "Apollinaris", LXVIII, (1995). 650 4$aDiritto canonico.$0(OLS)http://pul/subject/1294 850 $aPUL 852 $aPUL$W1$xSL Cons. Gen., Altre Classi 1$y1$m1381 E$j69385$nBK-PRI$qStampati$B69387$CPULBib$Z2$F69387 $82 941 1 $a8 996 $6245$aL'attivitą giudiziaria della Chiesa fra veritą e caritą$9(OLS)http://pul/title/70390 996 $6260$aRoma :$bPontificiae Universitatis Lateranensis Institutum Utriusque Iuris$9(OLS)http://pul/publisher/68305